000 00893cam a22002891 4500
001 2216
003 BD-RjUL
005 20211208233514.0
008 131210s1964 enka 001 0 eng d
035 _a(BD-RjUL)2243
035 _a(OCoLC)256851
040 _aDLC
_cODaWU
_dOCoLC
_dDLC
_dBD-RjUL
_beng
041 _aeng
082 _a301.246
_bWIS 1964
100 1 _aWilkins, Leslie T.
_97226
245 1 0 _aSocial deviance: social policy, action, and research /
_cby Leslie T. Wilkins.
260 _aLondon ;
_bTavistock Publications :
_aEnglewood Cliffs, N.J.,
_bPrentice-Hall,
_cc1964.
300 _axv, 311 p. ;
_c23 cm.
490 0 _aPrentice-Hall sociology series
504 _aIncludes index.
650 0 _aSocial problems.
_97227
650 0 _aSocial action.
_97228
650 0 _aSocial sciences
_xResearch.
_97229
942 _2ddc
_cBK
999 _c2216
_d2216